Big data: Principles and practices (Record no. 310815)

MARC details
000 -LEADER
fixed length control field 00487 a2200193 4500
005 - DATE & TIME
control field 20240715135403.0
008 - FIXED-LENGTH DATA ELEMENTS--GENERAL INFORMATION
fixed length control field 240712b |||||||| |||| 00| 0 eng d
020 ## - ISBN
International Standard Book Number 9789356092327
Price Rs. 595.00
040 ## - CATALOGING SOURCE
Original cataloging agency VIVEKANANDA LIBRARY
082 ## - DDC NUMBER
Classification number 005.7
Book Number B469B
100 ## - MAIN ENTRY--PERSONAL NAME
Personal name Bhaskar, T
245 ## - TITLE STATEMENT
Title Big data: Principles and practices
260 ## - PUBLICATION, DISTRIBUTION, ETC. (IMPRINT)
Name of publisher, distributor, etc Arihant Books
Place of publication, distribution, etc New Delhi
Date of publication, distribution, etc 2023
300 ## - PHYSICAL DESCRIPTION
Pages vi, 260
650 ## - Subject
Subject Computer Science
650 ## - Subject
Subject Big Data
650 ## - Subject
Subject Data Analysis
942 ## - ADDED ENTRY ELEMENTS (KOHA)
Koha item type Books
Holdings
Withdrawn status Lost status Source of classification or shelving scheme Damaged status Not for loan Location (home branch) Sublocation or collection (holding branch) Shelving location Date acquired Koha issues (times borrowed) Koha full call number Accession No. Koha date last seen Koha item type
    Dewey Decimal Classification     VIVEKANANDA LIBRARY VIVEKANANDA LIBRARY UIET Library 20/01/2024 1 005.7 B469B 430139 18/03/2025 Books
© Designed and Maintained by Vivekananda Library, MDU Rohtak